Олена Апанович у науковому та громадському житті України другої половини XX ст. (Запис № 463385)

МАРК-запис
000 -Лідер
fixed length control field 03610nam a22002657a 4500
001 - Контрольний номер
control field 216219278
003 - Ідентифікатор контрольного номера
control field UA-OsUOA
005 - Дата та час останнього входження (трансакції)
control field 20210204155105.0
008 - Елементи даних фіксованої довжини – загальна інформація
fixed length control field 200918b un ||||| m||| 00| 0 ukr d
040 ## - Джерело каталогізації
Агенція оригінальної каталогізації UA-OsUOA
Мова каталогізації ukr
Агенція, яка здійснювала перезапис UA-OsUOA
Агенція, яка здійснювала модифікацію UA-OsUOA
041 ## - Код мови
Код мови тексту/ звукової доріжки чи окремого заголовка (П) ukr
080 ## - Індекс Універсальної десяткової класифікації
Індекс Універсальної десяткової класифікації (УДК) (НП) 929:94(477)"19"(043.3)
090 ## - Локальний шифр розміщення
Класифікаційний індекс УДК 929:94(477)"19"(043.3)
095 ## - Код спеціальності для авторефератів
Код спеціальності 07.00.01
Назва спеціальності історія України
100 ## - Основне введення – ім’я особи
Ім’я особи (НП) Савченко С. В.
245 ## - Відомості про назву
Назва (НП) Олена Апанович у науковому та громадському житті України другої половини XX ст.
Дані про відповідальність (НП) Савченко Світлана Володимирівна ; наук. керівник Бонь Олександр Іванович
260 ## - Публікація, розповсюдження і т.п. (Вихідні дані)
Місце публікації, розповсюдження і т.п. (П) Київ
Дата публікації, розповсюдження і т.п. (П) 2020
300 ## - Фізичний опис
Обсяг 16 с.
502 ## - Примітка про дисертацію
Зв'язок Автореферат дисертації на здобуття наукового ступеня кандидата історичних наук<br/>
Наймення інституції, що представляється Київський університет імені Бориса Грінченка
Рік отримання вченого ступеня 2020
520 ## - Резюме і т.п.
Резюме, реферат, анотація, тощо (НП) Дисертація присвячена актуальній для української біографістики темі: комплексному висвітленню життєвого шляху і дослідженню наукової, архівної та громадської діяльності Олени Апанович. Дослідження дало змогу виділити основні етапи життя, прослідкувати еволюцію світогляду, уточнити наявну в українській історіографії періодизацію наукової діяльності О. Апанович. Вона зробила вагомий внесок в історію та джерелознавство українського козацтва. Вивчення козацького літописання та рукописної книги, дослідження біографії В. І. Вернадського, відродила маргіналістику. Працюючи в академічному Інституті історії України, вчена стала важливим суб’єктом трансформацій в історичній науці і громадському житті України другої половини XX ст. Її наукова та громадська праця з історії і пам’яток українського козацтва давала поштовх до зростання національної самосвідомості в Україні. Про це свідчить її участь у проекті заповідника на Хортиці. Вивчення архівної діяльності Олени Апанович показало, що вона провадила значну роботу з упорядкування та публікації документальних фондів ПДІА УРСР та відділу рукописів ЦНБ АН УРСР. Була активною і в жіночому русі у 1990 рр. Плідною була праця О. Апанович як керівника секції історичних пам’яток Київської організації УТОПЖ.
650 ## - Додаткове предметне введення – тематичний термін
Джерело заголовка чи терміна UDC
Тематичний термін чи географічна назва, як елемент введення (НП) 94 Історія
942 ## - Додаткові елементи входу (Коха)
Source of classification or shelving scheme Universal Decimal Classification
Тип елемента Koha Автореферат
955 ## - Код типу видання за змістом
Код типу видання за змістом (НП) Наукові видання

Немає доступних примірників.